Cliquez sur un Chef-Lieu Valide A-Z - Statistiques

Statistiques générales
  • Ce quiz a été pris 13 887 fois
  • Le résultat moyen est 10 sur 17
Réponses sur la Carte
Les réponses sont colorées sur une échelle allant du rouge au vert en fonction du pourcentage des utilisateurs qui les ont devinées à leur premier essai. Vous pouvez retrouver ces pourcentages ci-dessous.
 
Statistiques - réponses
Réponse % Correct
A
71%
B
69%
L
69%
N
68%
M
67%
S
67%
P
66%
C
64%
R
63%
Q
58%
T
57%
V
56%
D
53%
O
53%
G
52%
E
49%
F
48%
Aucun quiz correspondant
Distribution des résultats
% des personnes avec chaque résultat
Percentile par nombre de réponses
Votre historique - résultats
Vous n’avez pas pris ce quiz